000 00682nam a2200265Ia 4500
005 20260306163610.0
008 008 260114s9999 xx 000 0 eng d
020 _a9781469653105
037 _aEBOOK
040 _aCRL
040 _beng
040 _cCRL
041 _2eng
041 _aeng
084 _qCRL
100 _aSeidman
245 0 _aSpeaking Of Feminism: Today's Activists On The Past, Present, And Future Of The U.S. Women's Movement
260 _bUniversity of North Carolina Press
260 _c2020
650 _aSocial Work
856 _uhttps://academic.oup.com/book/31692
942 _cEBOOK
999 _c1710744
_d1710744